BIBLIOTECA PODER JUDICIAL
Portal Judicial TDF

El fraude a la ley y los acuerdos de extinción. Análisis del supuesto previsto en el art. 241 de la Ley de Contrato de Trabajo y su relación con el fraude / (Registro nro. 5903)

000 -LEADER
fixed length control field 01178nab a22002057a 4500
003 - CONTROL NUMBER IDENTIFIER
control field OSt
005 - DATE AND TIME OF LATEST TRANSACTION
control field 20260110005152.0
008 - FIXED-LENGTH DATA ELEMENTS--GENERAL INFORMATION
fixed length control field 190605e xxu||||| |||| 00| 0 spa d
040 ## - CATALOGING SOURCE
Transcribing agency PJ
100 ## - MAIN ENTRY--PERSONAL NAME
9 (RLIN) 6774
Personal name Henriques, María Roxana
245 13 - TITLE STATEMENT
Title El fraude a la ley y los acuerdos de extinción. Análisis del supuesto previsto en el art. 241 de la Ley de Contrato de Trabajo y su relación con el fraude /
Statement of responsibility, etc María Roxana Henriques.
260 ## - PUBLICATION, DISTRIBUTION, ETC. (IMPRINT)
Place of publication, distribution, etc Ciudad Autónoma de Buenos Aires :
Name of publisher, distributor, etc Thomson Reuters La Ley,
Date of publication, distribution, etc 2023.
300 ## - PHYSICAL DESCRIPTION
Extent p. 92-96
500 ## - GENERAL NOTE
General note Cita: TR LALEY AR/DOC/1865/2023.<br/><br/>
505 ## - FORMATTED CONTENTS NOTE
Formatted contents note Sumario: I. Introducción.— II. El art. 241 de la LCT.— III. Características.— IV. Requisitos.— V. Consecuencias.— VI. El fraude.— VII. La desigualdad negocial y el desprecio al sistema tuitivo.— VIII. Conclusión y reflexión final.
505 ## - FORMATTED CONTENTS NOTE
Title ¿Te interesa el texto completo? Solicitalo al correo: koha@justierradelfuego.gov.ar
650 #0 - SUBJECT ADDED ENTRY--TOPICAL TERM
9 (RLIN) 1383
Topical term or geographic name as entry element LEY DE CONTRATO DE TRABAJO
773 0# - HOST ITEM ENTRY
Host Biblionumber 2711
Host Itemnumber 3168
Place, publisher, and date of publication Ciudad Autónoma de Buenos Aires : Thomson Reuters La Ley, 1999-2002.
Title Revista de derecho del trabajo. Nº 5 - Septiembre 2023
942 ## - ADDED ENTRY ELEMENTS (KOHA)
Source of classification or shelving scheme
Koha item type Analítica Artículo de Revista

No hay ítems disponibles.

12 de Octubre 789 Ushuaia - Tel:  54(02901)441571
Horario de Atención: 8.00 a 17.00 hs. 
bibliotecaush@justierradelfuego.gov.ar
koha@justierradelfuego.gov.ar
Seguinos en nuestras redes @bibliojustdf 

Con tecnología Koha